000
00344nam a22001457a 4500
020
_a
978-81-936133-9-9
041
_a
ENG
100
_a
Arya.A
245
_a
UPSC General Studies Main Solved Papers
260
_a
New Delhi
_b
New Vishal
_c
2019
300
_a
472
650
_a
Competitive Exam
700
_a
Sharma.A
856
_u
Competitive Exam
999
_c
177
_d
177